Quick Pick: 'Fire' Movies Quiz Stats

 Plays Quiz Updated Jul 18, 2019

Score 0/12 Timer 01:00
4 Plays Today
% Correct
Hunger
96.6%
Goblet
95.3%
Elmo's
95%
Great
94.9%
Line
92.6%
Things
89.8%
England
88%
Man
85.1%
Chariots
83.9%
Courage
81.8%
Quest
81.7%
Ball
62.4%

Today's Daily Dose

You're not logged in!

Compare scores with friends on all Sporcle quizzes.
OR
Log In

Sporcle TV

Today on Sporcle TV


Watch our educational content, quiz creation guides, and fun videos on Sporcle TV.

Show Comments

Extras

Top Quizzes Today


Score Distribution

Your Account Isn't Verified!

In order to create a playlist on Sporcle, you need to verify the email address you used during registration. Go to your Sporcle Settings to finish the process.

Report this User

Report this user for behavior that violates our Community Guidelines.

Details: